| 000 | 00576nam a22001937a 4500 | ||
|---|---|---|---|
| 005 | 20251108172115.0 | ||
| 008 | 250721s1985 xx 000 0 ara d | ||
| 082 | 1 | 4 | _a954.9/أنو |
| 100 | 1 | _aعناية الله، أنور | |
| 245 | 1 | 0 | _aمحمد علي جناح / |
| 264 | 1 |
_aعمان : _bالسفارة الباكستانية - القسم الثقافي، _c1985. |
|
| 300 | _a46ص | ||
| 650 | 1 | 7 | _aالباكستان |
| 650 | 1 | 7 | _aالتاريخ |
| 650 | 1 | 7 | _aالتراجم |
| 700 | 1 |
_aأبو ديه، سعد _eترجمة |
|
| 942 |
_2ddc _cBK |
||
| 999 |
_c70626 _d70626 |
||